000
00269nam a2200109Ia 4500
008
200302s9999 xx 000 0 und d
100
_a
Robert Goldston & Other
245
_a
London the Civic Spirit
260
_b
The Macmillan Company
260
_c
1969
300
_a
211 P.,
999
_c
5610
_d
5610